Munkanélküliség versus foglalkoztatottság munkaerőpiaci folyamatok a rendszerváltozástól napjainkig Szlovákiában

Prechod na trhovú ekonomiku na Slovensku v 90-tych rokoch 20. storočia. Privatizácia a štrukturálne reformy. Rast nezamestnanosti. Miera nezamestnanosti na Slovensku v porovnaní s Českou republikou, Maďarskom v období rokov 1990-2016 a EÚ 28 (2006-2015). Vývoj miery nezamestnanosti v SR podľa jednot...

Descripción completa

Guardado en:
Detalles Bibliográficos
Autor principal: Nagy, Ladislav
Formato: Capítulo de libro
Lenguaje:húngaro
Materias:
Etiquetas: Agregar Etiqueta
Sin Etiquetas, Sea el primero en etiquetar este registro!

MARC

LEADER 00000naa a2200000 4500
001 0228311
005 20240502083615.4
041 0 |a hun 
044 |a HU 
245 1 0 |a Munkanélküliség versus foglalkoztatottság  |b munkaerőpiaci folyamatok a rendszerváltozástól napjainkig Szlovákiában  |c Nagy László 
520 |a Prechod na trhovú ekonomiku na Slovensku v 90-tych rokoch 20. storočia. Privatizácia a štrukturálne reformy. Rast nezamestnanosti. Miera nezamestnanosti na Slovensku v porovnaní s Českou republikou, Maďarskom v období rokov 1990-2016 a EÚ 28 (2006-2015). Vývoj miery nezamestnanosti v SR podľa jednotlivých krajov (2001, 2008, 2015). Príčiny nezamestnanosti v SR. 
610 2 0 |a nezamestnanosť 
610 2 0 |a miera nezamestnanosti 
610 2 0 |a zamestnanosť 
610 2 0 |a trh práce 
610 2 0 |a vzdelanie 
610 2 0 |a sily pracovné 
610 2 0 |a zamestnanci 
610 2 0 |a zamestnávatelia 
610 2 0 |a Slovensko 
610 2 0 |a Európska únia 
100 1 |a Nagy, Ladislav